000 00417nam a2200169Ia 4500
008 230524s9999 xx 000 0 und d
020 _a9788122422023
082 _a658.45
_bRED
100 _aL.Krishna Reddy
245 0 _aPrinciples of Engineering Metallurgy
250 _a2ND
260 _aNEW DELHI
_bNew age
_c2008
300 _aXIV;302
500 _aQuantity Number: 5
650 _aChemistry
942 _cBK
999 _c43702
_d43702